000 00694nam a2200241 a 4500
999 _c11549
_d11549
001 11549
003 BD-JhCC
005 20221124134023.0
008 200328s2020 bg a|||| ||a| 000 0 ben d
020 _a9789848040911
035 _a(BD-JhCC)11549
040 _aBD-JhCC
_dBD-JhCC
041 _aben
082 _bSAD 2020
_a158
100 _aসাদিক, আয়মান
245 _aলোকে কি বলবে /
_cআয়মান সাদিক ।
260 _aঢাকা:
_bআদর্শ;
_c২০২০.
300 _a134 p . :
_bill;
_c22 cm
650 _asuccess
700 _aরশীদ, সাকিব বিন
942 _2ddc
_cBK
_04